Сугестопедія як метод інтенсивного навчання іноземній мові на середньому етапі в школі (Запис № 283968)

МАРК-запис
000 -LEADER
fixed length control field 02749nam a22001577a 4500
041 ## - LANGUAGE CODE
Language code of text/sound track or separate title ukr
080 ## - UNIVERSAL DECIMAL CLASSIFICATION NUMBER
Universal Decimal Classification number 09
090 ## - LOCALLY ASSIGNED LC-TYPE CALL NUMBER (OCLC); LOCAL CALL NUMBER (OCLC)
Local cutter number (OCLC) ; Book number/undivided call number, CALL (RLIN) САВ
100 ## - MAIN ENTRY--PERSONAL NAME
Personal name Савчук С.М.
245 ## - TITLE STATEMENT
Title Сугестопедія як метод інтенсивного навчання іноземній мові на середньому етапі в школі
260 ## - PUBLICATION, DISTRIBUTION, ETC. (IMPRINT)
Place of publication, distribution, etc Острог
Name of publisher, distributor, etc КАФ
Date of publication, distribution, etc 2007
300 ## - PHYSICAL DESCRIPTION
Extent 73
520 ## - SUMMARY, ETC.
Summary, etc Вступ<br/>Розділ 1. Теоретичні засади сугестопедії, як інтенсивного методу навчання іноземної мови.<br/>1.1 Інтенсифікація процесу вивчення іноземної мови. Концепція інтенсивного навчання.<br/>1.2 Сугестопедія як метод інтенсивного навчання: виникнення, наукове та всихологічне підгрунтя.<br/>1.3 Подальший розвиток ідей сугестопедичної ситеми в іншиїх методиках інтенсивного навчання іноземній мові.<br/>1.4 Психолого-педагогічні принципи сугестопедичної системи.<br/>1.5 Засоби сугестопедичного методу.<br/>Розділ 2. Пркатичне застосування методу сугестопедії при вивченні іноземної мови (англійської) в школі на середньому етапі.<br/>2.1 Використання сугестопедії в середніх навчальних закладах України на середньому етапі.<br/>2.2 Експериментальне застосування моделі сугестопедичного навчання в школі на середньому етапі.<br/>2.2.1 Підготовчий етап.<br/>2.2.2 Експериментальне застосування моделі сугестопедичного навчання в школі на середньому етапі.<br/>2.3 Кількісна та якісна результативність експериментального тестування.<br/>2.4 Психотерапефтичний ефект та підвищенння мотивації в учнів в умовах сугестопедичного навчання.<br/>2.5 Проблеми повязані з використанням сугестопедії в школі та пропозиції жодо їх вирішення.<br/>Висновки<br/>Список використаної літератури<br/>Додатки
-- сугестопедія, педагогіка,
650 ## - SUBJECT ADDED ENTRY--TOPICAL TERM
Topical term or geographic name as entry element Research Papers
942 ## - ADDED ENTRY ELEMENTS (KOHA)
Koha item type Книги
Фонди
Withdrawn status Lost status Source of classification or shelving scheme Damaged status Not for loan Home library Current library Date acquired Source of acquisition Cost, normal purchase price Total Checkouts Full call number Barcode Date last seen Price effective from Koha item type
    Universal Decimal Classification     ВІЛ - Відділ іноземн. літератури НБ ВІЛ - Відділ іноземн. літератури НБ 17/04/2009 Акт №2 1.00   09 213642 15/12/2021 17/04/2009 Книги